000 00488nam a2200169Ia 4500
001 7446
003 IN-NITTTR
005 20251114233028.0
008 251113s9999||||xx |||||||||||||| ||eng||
040 _beng
040 _cIN-NITTTR
041 _aeng
082 _a530.07 D538E
245 4 _aThe education of physicists for work in industry :
_b source book of papers and statements prepared for the 1968 Eindhoven seminar /
_cDiemer, G., ed.
700 _aDiemer, G.
942 _2ddc
_cBK
999 _c10084
_d10084